[Event "Welsh International"]
[Site "Newport WLS"]
[Date "2004.01.11"]
[Round "5"]
[White "Cobb,C"]
[Black "Hebden,M"]
[Result "1/2-1/2"]
[WhiteElo "2406"]
[BlackElo "2549"]

1.d4 Nf6 2.c4 g6 3.Nc3 Bg7 4.e4 d6 5.Nf3 O-O 6.Be2 e5 7.dxe5 dxe5 8.Qxd8 Rxd8
9.Bg5 Re8 10.Nd5 Nxd5 11.cxd5 c6 12.Bc4 cxd5 13.Bxd5 Nd7 14.Nd2 Nc5 15.O-O-O Be6
16.Bxe6 Nxe6 17.Be3 Bf8 18.f3 b5 19.Nb3 a5 20.Rd5 a4 21.Na1 Nc7 22.Rd7 Na6
23.Kb1 b4 24.Rc1 f5 25.b3 a3 26.Nc2 fxe4 27.fxe4 Rac8 28.Ne1 Rxc1+ 29.Kxc1 Rc8+
30.Kd2 Nc5 31.Bxc5 Rxc5 32.Nd3 Rc3 33.Kd1 Bh6 34.Rd5 Bg5 35.Nxb4 Rc1+ 36.Ke2 Rb1
37.Rd7 h5 38.Nc2 Kf8 39.Nxa3 Rb2+ 40.Kf3 Bh4 41.g3 Bf6 42.Nc4 Rxa2 43.Rd2 Ra1
44.Rb2 g5 45.b4 g4+ 46.Kf2 Rh1 47.Kg2 Rc1 48.Ne3 Ke8 49.b5 Be7 50.b6 Bd6
51.b7 Bb8 52.Rc2 Rxc2+ 53.Nxc2 Kd7 54.h3 Kc6 55.hxg4 hxg4 56.Ne3 Kxb7 57.Nxg4 Kc6
58.Kf3 Bc7 59.Ne3 Kc5 60.Nd5 Ba5 61.Nf6 Bd8 62.Nd5 Ba5 63.Ne3 Bd8 64.Nd1 Ba5
65.Nf2 Kd6 66.Nd3 Ke6 67.Kg4 Kf6 68.Kh5 Bd2 69.g4 Be3 70.Nb4 Bd2 71.Nd5+ Kf7
72.g5 Kg7 73.Ne7 Kf7 74.Nf5 Bf4 75.Nh4 Bc1 76.Kg4 Ke6 77.Nf5 Bd2 78.Ng3 Bf4
79.Nh5 Bd2 80.g6 Bc1 81.Kf3 Bb2 82.Ke2 Ba1 83.Kf3 Bb2 84.Kg4 Bc1 85.Ng3 Kf6
86.Kh5 Bf4 87.Nf5 Bd2 88.Nd6 Kg7 89.Nc4 Bf4 90.Nb2 Kf6 91.Nd3 Kg7 92.Nc5 Kf6
93.Na6 Kg7 94.Nc7 Bc1 95.Ne6+ Kf6 96.g7 Kf7 97.Kg4 Bd2 98.Kf5 Bc3 99.Ng5+  1/2-1/2

[Event "ch-Commonwealth"]
[Site "Mumbai IND"]
[Date "2004.01.12"]
[Round "3"]
[White "Gokhale,A"]
[Black "Lakshmi,Pra"]
[Result "1-0"]
[WhiteElo "2218"]
[BlackElo "1970"]

1.d4 Nf6 2.c4 g6 3.Nc3 Bg7 4.e4 d6 5.Nf3 O-O 6.Be2 e5 7.d5 Nbd7 8.Bg5 a6
9.Nd2 c6 10.O-O Qc7 11.Rc1 c5 12.a3 b6 13.b4 h6 14.Be3 Nh7 15.Kh1 f5 16.exf5 gxf5
17.f4 e4 18.Nb3 Ndf6 19.Qd2 h5 20.Bf2 Ng4 21.Bxg4 hxg4 22.b5 a5 23.Ne2 Bd7
24.Rc2 Nf6 25.g3 Rae8 26.Qe3 Qb7 27.a4 Re7 28.Nc3 Be8 29.Rd1 Bf7 30.Nc1 Kh7
31.N1e2 Rh8 32.Be1 Ree8 33.Bd2 Kg6 34.Bc1 Rh7 35.Bb2 Reh8 36.Ng1 Nd7 37.Rf2 Nf6
38.Rdd2 Re8 39.Nge2 Rhh8 40.Nc1 Re7 41.Nb3 Rhe8 42.Na1 Qc7 43.Nc2 Qb7 44.Rfe2 Kh7
45.Ne1 Qc7 46.Ng2 Qb7 47.Qg1 Qd7 48.Ne3 Rh8 49.Qa1 Kg6 50.Ncd1 Qc8 51.Kg1 Qd7
52.Ng2 Rh6 53.Nde3 Kh7  1-0

[Event "Welsh International"]
[Site "Newport WLS"]
[Date "2004.01.12"]
[Round "6"]
[White "Cobb,C"]
[Black "Gormally,D"]
[Result "1/2-1/2"]
[WhiteElo "2406"]
[BlackElo "2471"]

1.Nf3 Nf6 2.c4 g6 3.Nc3 Bg7 4.e4 d6 5.d4 O-O 6.Be2 e5 7.dxe5 dxe5 8.Qxd8 Rxd8
9.Bg5 Re8 10.Nd5 Nxd5 11.cxd5 c6 12.Bc4 cxd5 13.Bxd5 Nd7 14.Nd2 Nc5 15.O-O-O Be6
16.Bxe6 Nxe6 17.Be3 Bf8 18.Nb3 a5 19.Rd5 a4 20.Nd2 Nf4 21.Bxf4 exf4 22.f3 Rac8+
23.Kb1 Rc6 24.Rc1 Rxc1+ 25.Kxc1 Rc8+ 26.Kd1 Bc5 27.Rd3 Be3 28.Rc3 Rd8 29.Rc2 b5
30.Ke2 Kf8 31.Nb1 Rd4 32.Nc3 Rc4 33.Kd3 Rd4+ 34.Ke2 Rc4 35.Kd3  1/2-1/2

[Event "ch-Commonwealth"]
[Site "Mumbai IND"]
[Date "2004.01.13"]
[Round "4"]
[White "Sundararajan,K"]
[Black "Berezina,I"]
[Result "1-0"]
[WhiteElo "2437"]
[BlackElo "2281"]

1.Nf3 Nf6 2.c4 g6 3.Nc3 Bg7 4.e4 d6 5.d4 O-O 6.Be2 e5 7.Be3 Ng4 8.Bg5 f6
9.Bh4 Qd7 10.O-O g5 11.Bg3 Nc6 12.d5 Ne7 13.Nd2 Nh6 14.b4 Ng6 15.Re1 f5 16.exf5 Nxf5
17.Nce4 Nxg3 18.hxg3 Qe7 19.c5 Bf5 20.Bg4 Rad8 21.cxd6 cxd6 22.Bxf5 Rxf5
23.Qg4 Qf8 24.Nc4 Rf6 25.Nxf6+ Qxf6 26.Nd2 h6 27.Rac1 Qf7 28.Rc8 Rxc8 29.Qxc8+ Nf8
30.Qc4 Nd7 31.Ne4 Nb6 32.Qb3 Bf8 33.Rd1 Qf5 34.Qf3 Qxf3 35.gxf3 Kf7 36.Kf1 Ke7
37.Ke2 Kd7 38.Nc3 a6 39.Kd3 Ke7 40.a4  1-0

[Event "CXSP"]
[Site "Sao Paulo BRA"]
[Date "2004.01.16"]
[Round "11"]
[White "Santos,MVM"]
[Black "Caldeira,A"]
[Result "1-0"]
[WhiteElo "2311"]
[BlackElo "2355"]

1.d4 Nf6 2.c4 g6 3.Nc3 Bg7 4.e4 d6 5.Nf3 O-O 6.Be2 e5 7.Be3 Qe7 8.dxe5 dxe5
9.Nd5 Nxd5 10.cxd5 Rd8 11.Qb3 c6 12.O-O cxd5 13.exd5 e4 14.Nd2 Nd7 15.Rac1 Nf6
16.Bc5 Qe5 17.Nc4 Qg5 18.Be3 Qh4 19.d6 b6 20.Ne5 Be6 21.Bc4 Rxd6 22.Nxf7 Rd3
23.Rc3 Ng4 24.Nh6+ Kh8 25.Nxg4 Rxc3 26.bxc3 Bxg4 27.Bd4 Rd8 28.Qa3 Qg5 29.Be3 Qe5
30.Qxa7 Qxc3 31.Qxb6 Rf8 32.Be6 Be2 33.Rc1 Qf6 34.Bd5 Qf5 35.Qe6 Bd3 36.Qxf5 gxf5
37.g3 Be5 38.Be6 Kg7 39.Rc8 Rxc8 40.Bxc8 Kf6 41.a4 Bc7 42.Bd2 Bb6 43.a5 e3
44.fxe3 Ba7 45.Bc3+ Ke7 46.Bd4 Kd8 47.Bb7 Kc7 48.a6 Bb6 49.Bxb6+ Kxb6 50.Kf2 Kc7
51.Kf3 Kb6 52.Kf4 Kc7 53.h4 Kb8 54.h5 Kc7 55.h6 Kb8 56.Bd5  1-0

[Event "1st WinTV Open"]
[Site "Chennai IND"]
[Date "2004.01.21"]
[Round "1"]
[White "Sundararajan,K"]
[Black "Shivkumar,L"]
[Result "1-0"]
[WhiteElo "2437"]
[BlackElo "2091"]

1.Nf3 Nf6 2.c4 g6 3.Nc3 Bg7 4.e4 d6 5.d4 O-O 6.Be2 e5 7.Be3 Nbd7 8.O-O c6
9.d5 c5 10.Ne1 Ne8 11.g4 h6 12.Kh1 Kh7 13.Qd2 a6 14.a3 Nef6 15.Rg1 Ng8 16.Rg3 g5
17.Rb1 Ne7 18.b4 b6 19.Bd1 Ng6 20.Ba4 Nf6 21.f3 Bd7 22.Bxd7 Qxd7 23.Nc2 Rfc8
24.bxc5 bxc5 25.Rgg1 Rcb8 26.Bf2 Bf8 27.Ne3 Be7 28.Nf5 Nf4 29.Be3 Bd8 30.h4 Ng8
31.Ne2 Ne7 32.hxg5 Nxf5 33.Rxb8 Rxb8 34.gxf5 hxg5 35.Nxf4 gxf4 36.Bxf4 Bf6
37.Bg5  1-0

[Event "1st WinTV Open"]
[Site "Chennai IND"]
[Date "2004.01.21"]
[Round "1"]
[White "Arvind,C"]
[Black "Lakshmi,S"]
[Result "1-0"]
[WhiteElo "2306"]
[BlackElo "1944"]

1.d4 Nf6 2.c4 g6 3.Nc3 Bg7 4.e4 d6 5.Nf3 O-O 6.Be2 e5 7.O-O Na6 8.Be3 Ng4
9.Bg5 Qe8 10.dxe5 dxe5 11.h3 f6 12.Bd2 Nh6 13.Be3 c6 14.c5 Nc7 15.Nd2 Nf7
16.Nc4 Qe7 17.Nd6 Rd8 18.Qb3 Ne6 19.Bc4 Rxd6 20.cxd6 Nxd6 21.Rad1 Nxc4 22.Qxc4 Kh8
23.Qd3 Nc7 24.Qd8+ Bf8 25.Bc5 Qxc5 26.Qxc7 Qe7 27.Qd8 Qxd8 28.Rxd8 Kg7 29.Nd5 Bc5
30.Nc7 Bb6 31.Nxa8 Bxd8 32.Rd1 Be7 33.Nc7 Kf7 34.Kf1 f5 35.b4 f4 36.f3 Bxb4
37.Rd8 Be6 38.Nxe6 Kxe6 39.Rb8 h5 40.Rxb7 a5 41.Rg7 Kf6 42.Rc7 c5 43.Ke2 Kg5
44.Kd3 Kh4 45.Rg7 g5 46.Kc4 Ba3 47.Rg8 Bb4 48.Kd5 Bc3 49.Kxc5 Bd4+ 50.Kd5 a4
51.Ke6 Bc3 52.Kf5  1-0

[Event "Winter Open"]
[Site "Belgrade SCG"]
[Date "2004.01.24"]
[Round "4"]
[White "Starcevic,G"]
[Black "Cetkovic,B"]
[Result "1-0"]
[WhiteElo "2180"]
[BlackElo "2238"]

1.d4 Nf6 2.Nf3 g6 3.c4 Bg7 4.Nc3 O-O 5.e4 d6 6.Be2 e5 7.d5 Na6 8.Bg5 h6 9.Bh4 c5
10.Nd2 Nc7 11.O-O Bd7 12.a3 Qe7 13.b4 b6 14.g4 Rfc8 15.Nb3 Qf8 16.Kh1 Nh7
17.Rg1 Ng5 18.Bf1 Ne8 19.f3 Bf6 20.Bf2 Nh7 21.h4 Qe7 22.Qe1 Qd8 23.Ra2 a6
24.b5 Nc7 25.a4 Ne8 26.Bg3 Kh8 27.Rh2 Ng7 28.Bf2 g5 29.Qc1 gxh4 30.Bxh4 Bxh4
31.Qxh6 Qg5 32.Rxh4 Qxh6 33.Rxh6 Ne8 34.g5 Kg7 35.Rh2 Nc7 36.a5 bxa5 37.b6 Rcb8
38.Nxc5 dxc5 39.bxc7 Rb3 40.Na4 Rxf3 41.Nxc5 Bc8 42.Rb2 Ra3 43.d6  1-0

[Event "It"]
[Site "Bermuda BER"]
[Date "2004.01.24"]
[Round "9"]
[White "Shabalov,A"]
[Black "Movsesian,S"]
[Result "1/2-1/2"]
[WhiteElo "2623"]
[BlackElo "2639"]

1.d4 Nf6 2.c4 g6 3.Nc3 Bg7 4.e4 d6 5.Nf3 O-O 6.Be2 e5 7.O-O Na6 8.Be3 Ng4
9.Bg5 Qe8 10.dxe5 dxe5 11.h3 f6 12.Bd2 Nh6 13.c5 Nxc5 14.Qc1 Nf7 15.Nd5 Ne6
16.Bb4 c6 17.Bxf8 Qxf8 18.Ne3 Nd6 19.Qc2 f5 20.exf5 gxf5 21.Bc4 Kh8 22.Bxe6 Bxe6
23.Rad1 Re8 24.Rfe1 Nb5 25.a4 Nd4 26.Nxd4 exd4 27.Nc4 Bd5 28.Qd3 Be4 29.Qg3 Bc2
30.Rxe8 Qxe8 31.Rf1 h6 32.Nd2 Qe2 33.Nf3 Be4 34.Ne5 d3 35.Ng6+ Kh7 36.Nf4 Qxb2
37.f3 Qd4+ 38.Kh2 d2 39.Ne6 Qe5 40.fxe4 Qxe6 41.exf5 Qe5 42.Rd1 Qxf5 43.Kh1 Be5
44.Qe3 Bf4 45.Qe7+ Kg6 46.Qe8+ Kg7 47.Qe7+ Kg6 48.Qe2 h5 49.Rf1 Qd5 50.Qd1 Qe4
51.Qb3 c5 52.Qg8+ Kf6 53.Qf8+ Kg6 54.Qg8+ Kf6 55.Qf8+  1/2-1/2

[Event "IM"]
[Site "Marianske Lazne CZE"]
[Date "2004.01.24"]
[Round "1"]
[White "Zavadil,M"]
[Black "Luch,M"]
[Result "0-1"]
[WhiteElo "2157"]
[BlackElo "2294"]

1.d4 Nf6 2.Nf3 g6 3.c4 Bg7 4.Nc3 d6 5.e4 O-O 6.Be2 Nbd7 7.O-O e5 8.d5 Nc5
9.Qc2 a5 10.Bg5 h6 11.Be3 Nfd7 12.Nd2 f5 13.exf5 gxf5 14.f4 e4 15.Nb5 Nf6
16.Rad1 b6 17.b3 Bd7 18.a3 Kh8 19.b4 axb4 20.axb4 Bxb5 21.cxb5 Nxd5 22.Nc4 Nxb4
23.Qb1 Na2 24.Qc2 Nc3 25.Ne5 Nxe2+ 26.Qxe2 Qe8 27.Nc6 Qe6 28.Nb4 Qb3 29.Rb1 Qf7
30.Rfd1 Ra3 31.Bd4 Bxd4+ 32.Rxd4 Qg7 33.Qc4 Rg8 34.Rd2 Ra1 35.Rxa1 Qxa1+
36.Kf2 e3+ 37.Kxe3 Qg1+ 38.Kf3 Qxh2 39.Qd4+ Kh7 40.Nd5 Qg3+ 41.Ke2 Re8+ 42.Kd1 Re1+  0-1

[Event "IM"]
[Site "Marianske Lazne CZE"]
[Date "2004.01.25"]
[Round "2"]
[White "Luch,M"]
[Black "Pisk,P"]
[Result "1-0"]
[WhiteElo "2294"]
[BlackElo "2322"]

1.d4 Nf6 2.c4 g6 3.Nc3 Bg7 4.e4 d6 5.Nf3 O-O 6.Be2 Na6 7.O-O e5 8.Be3 Ng4
9.Bg5 Qe8 10.dxe5 dxe5 11.h3 f6 12.Bc1 Nh6 13.b3 c6 14.a4 Kh8 15.Ba3 Rg8
16.c5 Nc7 17.Nd2 Ne6 18.Bc4 Nf7 19.b4 Bh6 20.Nb3 Nf4 21.Na5 Rg7 22.Ne2 Ne6
23.b5 Nfd8 24.Qc2 Nc7 25.Rfd1 Bd7 26.b6 axb6 27.cxb6 Nce6 28.Nb3 Rxa4 29.Bf8 c5
30.Bxg7+ Kxg7 31.Bxe6 Nxe6 32.Nxc5 Rxa1 33.Rxa1 Nxc5 34.Qxc5 Bc6 35.Nc3 Kf7
36.Qd6 Bf8 37.Qc7+ Ke6 38.Qxh7 Bc5 39.Nd5  1-0

[Event "TCh-AUT 2003-4"]
[Site "Velden AUT"]
[Date "2004.01.25"]
[Round "7"]
[White "Loeffler,S"]
[Black "Freitag,M"]
[Result "1-0"]
[WhiteElo "2413"]
[BlackElo "2383"]

1.Nf3 Nf6 2.c4 g6 3.Nc3 Bg7 4.e4 d6 5.d4 O-O 6.Be2 e5 7.Bg5 c6 8.Qd2 Bg4
9.d5 c5 10.h4 Qd7 11.Nh2 Bxe2 12.Qxe2 Nh5 13.g3 a6 14.Rb1 Qe8 15.b4 Nd7 16.bxc5 Nxc5
17.Be3 Rc8 18.Bxc5 Rxc5 19.Rxb7 Qc8 20.Rb4 Qc7 21.Na4 a5 22.Nxc5 axb4 23.Nd3 Qxc4
24.O-O Nf6 25.f3 Ra8 26.Rc1 Rxa2 27.Rxc4 Rxe2 28.Rc8+ Bf8 29.Nxb4 Rb2 30.Nc6 Kg7
31.Rc7 Ng8 32.Ng4 Rb3 33.Kg2 h5 34.Nf2 Rb2 35.Kf1 Rb1+ 36.Ke2 Nh6 37.Nd8 Rb8
38.Rd7 Be7 39.Nb7 Kf8 40.Nd3 Ra8 41.Nb4 Ke8 42.Rc7 Ng8 43.Nc6 Bf8 44.Nca5 f5
45.Nc4 fxe4 46.fxe4 Nf6 47.Ncxd6+ Bxd6 48.Nxd6+ Kd8 49.Rg7 Ra6 50.Nf7+ Ke8
51.Nxe5 Nxe4 52.Rxg6 Rxg6 53.Nxg6 Nc3+ 54.Kf3 Nxd5 55.Ke4 Nf6+ 56.Kf5 Kf7
57.Nf4 Kg7 58.Ke6 Ne4 59.Nxh5+ Kh6 60.g4 Nd2 61.Kf6 Nf3 62.Ng3 Kh7 63.Nf5 Nh2
64.g5 Ng4+ 65.Kf7 Ne5+ 66.Ke6 Ng6 67.Kf6 Nf4 68.Kf7 Ng6 69.h5 Ne5+ 70.Ke6 Ng6
71.Kf6 Nf4 72.g6+ Kh8 73.g7+  1-0

[Event "ch-Kiev"]
[Site "Kiev UKR"]
[Date "2004.01.26"]
[Round "9"]
[White "Perun,S"]
[Black "Pavlov,S2"]
[Result "1/2-1/2"]
[WhiteElo "2350"]
[BlackElo "2306"]

1.d4 Nf6 2.Nf3 g6 3.c4 Bg7 4.Nc3 d6 5.e4 O-O 6.Be2 e5 7.O-O exd4 8.Nxd4 Re8
9.f3 Nc6 10.Be3 Nh5 11.Qd2 f5 12.Nxc6 bxc6 13.exf5 Bxf5 14.Rfe1 Rxe3 15.Qxe3 Qh4
16.g4 Rf8 17.Qf2 Qxf2+ 18.Kxf2 Bxg4 19.Rad1 Be5 20.Kg1 Nf4 21.Rd2 Nh3+ 22.Kg2 Nf4+
23.Kg1 Nh3+ 24.Kg2 Nf4+  1/2-1/2

[Event "1st WinTV Open"]
[Site "Chennai IND"]
[Date "2004.01.27"]
[Round "8"]
[White "Laxman,R"]
[Black "Ramu,K"]
[Result "1-0"]
[WhiteElo "2335"]
[BlackElo "2156"]

1.d4 Nf6 2.c4 g6 3.Nc3 Bg7 4.e4 d6 5.Be2 O-O 6.Nf3 e5 7.O-O Na6 8.Be3 Ng4
9.Bg5 Qe8 10.dxe5 dxe5 11.h3 h6 12.Bc1 Nf6 13.Be3 Qe7 14.Nd5 Qd8 15.Nxf6+ Qxf6
16.Rb1 c6 17.b4 Nc7 18.b5 Ne6 19.bxc6 bxc6 20.Qc1 Kh7 21.Rd1 Rd8 22.Rxd8 Qxd8
23.c5 Nd4 24.Nxd4 exd4 25.Qd2 Bxh3 26.Bf4 Be6 27.Bd6 Qh4 28.Bd3 h5 29.a4 f5
30.Qe2 f4 31.Rb7 Kh8 32.Qb2 Qg5 33.Rxg7 f3 34.g3 Qf6 35.Re7 h4 36.Qb7 Rd8
37.Rh7+ Kg8 38.e5  1-0

[Event "Gibraltar Masters"]
[Site "Catalan Bay ENG"]
[Date "2004.01.28"]
[Round "2"]
[White "Seel,C"]
[Black "Arakhamia,K"]
[Result "1-0"]
[WhiteElo "2380"]
[BlackElo "2435"]

1.Nf3 Nf6 2.c4 g6 3.Nc3 Bg7 4.d4 O-O 5.e4 d6 6.Be2 e5 7.dxe5 dxe5 8.Qxd8 Rxd8
9.Bg5 c6 10.Nxe5 Re8 11.Rd1 Na6 12.Nf3 Nd7 13.Nd2 Nac5 14.f3 f5 15.O-O Bd4+
16.Kh1 Ne6 17.Bh6 f4 18.Nb3 Be3 19.g3 g5 20.gxf4 gxf4 21.Rd3 Bb6 22.Rd6 Be3
23.Nd1 Bb6 24.Nf2 Ne5 25.c5 Bc7 26.Rg1+ Ng6 27.Rdd1 Kf7 28.Bc4 b5 29.cxb6 Bxb6
30.Rg2 a5 31.Nh3 a4 32.Nd4 Bxd4 33.Rxd4 Kf6 34.Rd1 Ra5 35.Bxe6 Bxe6 36.Nxf4 Nxf4
37.Bxf4 Bxa2 38.Bd2 Raa8 39.Bc3+ Ke6 40.f4 Rg8 41.f5+ Ke7 42.Rgd2 Bb3 43.Rg1 h5
44.h3 Rab8 45.Kh2 Rbe8 46.Rxg8 Rxg8 47.Rg2 Rd8 48.e5 Rd1 49.Rg7+ Kf8 50.e6 h4
51.f6 c5 52.Rd7 Ke8 53.f7+ Kf8 54.Rxd1 Bxd1 55.Be5  1-0

[Event "ch-Kiev"]
[Site "Kiev UKR"]
[Date "2004.01.28"]
[Round "10"]
[White "Shishkin,Va"]
[Black "Solomaha,A"]
[Result "1/2-1/2"]
[WhiteElo "2458"]
[BlackElo "2361"]

1.d4 Nf6 2.c4 g6 3.Nc3 Bg7 4.e4 d6 5.Be2 O-O 6.Nf3 e5 7.Be3 c6 8.d5 Ng4 9.Bg5 f6
10.Bh4 Na6 11.c5 dxc5 12.Bxa6 bxa6 13.dxc6 Be6 14.Qa4 Rc8 15.Nd5 Kh8 16.c7 Qd6
17.Rd1 Bxd5 18.Rxd5 Qxc7 19.Qxa6 Rcd8 20.Rxd8 Rxd8 21.O-O Qb6 22.Qe2 Nh6
23.b3 Nf7 24.Rd1 Rxd1+ 25.Qxd1 Qd6 26.Qxd6 Nxd6 27.Nd2 g5 28.Bg3 Bh6 29.f3 g4
30.Nc4 Nxc4 31.bxc4 gxf3 32.gxf3 Kg8 33.Kf1 Kf7 34.Bf2 Bf8 35.Ke2 Ke6 36.Be3 Bd6
37.Kd3 Kd7 38.Bh6 Ke7 39.Kc3 Kd7 40.Kb3 Kc6 41.Ka4 Kb6 42.Bd2 Kc6 43.Be1 Bc7
44.Bf2 Bd6 45.Be3 Kb6 46.Bh6 Ka6 47.h4 Kb6 48.h5 Ka6 49.Bd2 Bc7 50.Be1 Bd8
51.Kb3 Kb6 52.Kc2 Kc6 53.Kd3 Kd7 54.Bh4 Ke6 55.Ke3 Bc7 56.Kf2 Bd6 57.Kg3 Be7
58.Kg4 Bd6 59.Be1 Be7 60.Bf2 Bd6 61.Be3 Be7 62.f4 exf4 63.Bxf4 Bf8 64.Bb8 a6
65.Bc7 Be7 66.Kf4 Bf8 67.Kg4 Be7 68.Bb8 Bf8 69.Bc7 Be7  1/2-1/2

[Event "Open"]
[Site "Marianske Lazne CZE"]
[Date "2004.01.28"]
[Round "6"]
[White "Rohrmueller,U"]
[Black "Bielczyk,J"]
[Result "1/2-1/2"]
[WhiteElo "2257"]
[BlackElo "2340"]

1.Nf3 Nf6 2.c4 d6 3.d4 g6 4.Nc3 Bg7 5.e4 O-O 6.Be2 Nbd7 7.O-O e5 8.Be3 c6
9.d5 c5 10.Ne1 Ne8 11.g4 f5 12.gxf5 gxf5 13.exf5 Ndf6 14.Bd3 e4 15.Nxe4 Nxe4
16.Bxe4 Qh4 17.Qf3 Nf6 18.Bd3 Ng4 19.Qg3 Qxg3+ 20.hxg3 Bxb2 21.Rb1 Be5 22.Bd2 b6
23.f3 Bd4+ 24.Kg2 Ne5 25.g4 Ba6 26.Rc1 b5 27.Rh1 bxc4  1/2-1/2

[Event "IM"]
[Site "Marianske Lazne CZE"]
[Date "2004.01.29"]
[Round "8"]
[White "Zavadil,M"]
[Black "Stolz,M"]
[Result "0-1"]
[WhiteElo "2157"]
[BlackElo "2412"]

1.d4 Nf6 2.Nf3 g6 3.c4 Bg7 4.Nc3 O-O 5.e4 d6 6.Be2 Nbd7 7.O-O e5 8.d5 Nc5
9.Qc2 a5 10.Bg5 h6 11.Be3 b6 12.Nd2 Bg4 13.h3 Bd7 14.b3 Ne8 15.a3 f5 16.exf5 gxf5
17.f3 Qf6 18.Rac1 Kh8 19.Nd1 Rg8 20.Kh2 Qg6 21.Rg1 Bf6 22.g4 Bh4 23.f4 fxg4
24.Qxg6 Rxg6 25.Bxg4 Bxg4 26.hxg4 exf4 27.Bd4+ Bf6 28.Bxc5 bxc5 29.Nc3 Bd4
30.Rg2 Nf6 31.Kh3 Rag8 32.Nb5 Be3 33.Rc2 Nxg4 34.Nf3 R6g7 35.Nh4 h5 36.Rh2 Re7
37.Nf3 Kh7 38.Kh4 Ne5 39.Ng5+ Rxg5 40.Kxg5 Nf3+  0-1

[Event "75th ch-GER"]
[Site "Hoeckendorf GER"]
[Date "2004.01.30"]
[Round "1"]
[White "Stern,R"]
[Black "Bindrich,F"]
[Result "1-0"]
[WhiteElo "2489"]
[BlackElo "2308"]

1.d4 Nf6 2.c4 g6 3.Nc3 Bg7 4.e4 d6 5.Nf3 O-O 6.Be2 e5 7.Be3 Ng4 8.Bg5 f6
9.Bc1 Nc6 10.d5 Ne7 11.h3 Nh6 12.h4 Nf7 13.h5 c6 14.hxg6 hxg6 15.Bd2 Rb8
16.b4 f5 17.Qb3 a5 18.a3 axb4 19.axb4 fxe4 20.Nxe4 b5 21.dxc6 Bf5 22.Nfg5 bxc4
23.Qxc4 Qc7 24.Nf6+ Bxf6 25.Qh4 Nxg5 26.Bxg5 Bg7 27.Bxe7 d5 28.Bxf8 Kxf8
29.O-O e4 30.Ra5 d4 31.Qg5 Qxc6 32.Bg4 Bxg4 33.Qf4+  1-0

[Event "9th HIT Open"]
[Site "Nova Gorica SLO"]
[Date "2004.01.30"]
[Round "1"]
[White "Jelen,Ig"]
[Black "Kozul,Z"]
[Result "0-1"]
[WhiteElo "2369"]
[BlackElo "2605"]

1.d4 Nf6 2.c4 g6 3.Nc3 Bg7 4.e4 d6 5.Nf3 O-O 6.Be2 e5 7.O-O Na6 8.Be3 c6
9.dxe5 dxe5 10.Qxd8 Rxd8 11.Rfd1 Re8 12.h3 Bf8 13.Bg5 Kg7 14.a3 Nc5 15.Bxf6+ Kxf6
16.b4 Ne6 17.c5 h5 18.Na4 Ng5 19.Nd2 h4 20.Bc4 Rd8 21.f3 Bxh3 22.Nb3 Bd7
23.Kf2 Ne6 24.Na5 Rab8 25.Rac1 Bh6 26.Rc3 Nd4 27.Nb3 Be8 28.Rcd3 b5 29.cxb6 axb6  0-1

[Event "TCh-BEL 2003-4"]
[Site "Belgium BEL"]
[Date "2004.02.01"]
[Round "8"]
[White "Bernard,N"]
[Black "Bauduin,E"]
[Result "1/2-1/2"]
[WhiteElo "2180"]
[BlackElo "2245"]

1.d4 Nf6 2.Nf3 g6 3.c4 Bg7 4.Nc3 O-O 5.e4 d6 6.Be2 e5 7.Be3 Na6 8.O-O Ng4
9.Bg5 Qe8 10.dxe5 dxe5 11.h3 f6 12.Bc1 Nh6 13.a3 c6 14.b4 Nf7 15.c5 Nc7 16.Bc4 Ne6
17.Bb2 Kh8 18.Ne2 b5 19.cxb6 axb6 20.a4  1/2-1/2

[Event "TCh-FRA Nat1 GpB"]
[Site "Cannes FRA"]
[Date "2004.02.01"]
[Round "3"]
[White "Gozzoli,Y"]
[Black "Rouchouse,S"]
[Result "1-0"]
[WhiteElo "2430"]
[BlackElo "2187"]

1.d4 Nf6 2.Nf3 g6 3.c4 Bg7 4.Nc3 O-O 5.e4 d6 6.Be2 e5 7.Be3 Ng4 8.Bg5 f6
9.Bh4 g5 10.Bg3 Nh6 11.d5 f5 12.exf5 Nxf5 13.Nd2 Nd7 14.Nde4 h6 15.Bg4 Nf6
16.h3 Bd7 17.O-O Ne7 18.Nxf6+ Bxf6 19.Qc2 Kg7 20.Nd1 Be8 21.Ne3 Bg6 22.Qe2 Qe8
23.c5 dxc5 24.Rac1 b6 25.b4 h5 26.Be6 Nc6 27.dxc6 Qxe6 28.bxc5 Rfd8 29.Rfd1 Rd4
30.Nc4 Rad8 31.Rxd4 Rxd4 32.cxb6 Bd3 33.Qe1 Bxc4 34.b7 Qe8 35.Qb4 Qb8 36.Bxe5 Bxe5
37.Qe7+ Kg6 38.Qxe5  1-0

[Event "TCh-FRA Nat1 GpA"]
[Site "Evry FRA"]
[Date "2004.02.01"]
[Round "3"]
[White "Bujisho,B"]
[Black "Battaglini,G"]
[Result "1-0"]
[WhiteElo "2385"]
[BlackElo "2385"]

1.Nf3 Nf6 2.c4 g6 3.Nc3 Bg7 4.e4 d6 5.d4 O-O 6.Be2 e5 7.O-O exd4 8.Nxd4 Re8
9.f3 c6 10.Kh1 Nbd7 11.Bf4 Qe7 12.Qd2 Ne5 13.Rad1 Nh5 14.Bg5 f6 15.Be3 f5
16.exf5 gxf5 17.Bg5 Qc7 18.f4 Ng4 19.Bxg4 fxg4 20.f5 Nf6 21.Rde1 Rxe1 22.Qxe1 Qf7
23.Ne6  1-0

[Event "9th HIT Open"]
[Site "Nova Gorica SLO"]
[Date "2004.02.02"]
[Round "6"]
[White "De Val,D"]
[Black "Skoberne,J"]
[Result "0-1"]
[WhiteElo "2151"]
[BlackElo "2231"]

1.d4 g6 2.c4 Bg7 3.Nc3 d6 4.e4 Nf6 5.Nf3 O-O 6.Be2 e5 7.O-O Na6 8.Be3 Ng4
9.Bg5 Qe8 10.h3 f6 11.Bc1 Nh6 12.Be3 c6 13.dxe5 dxe5 14.c5 Nc7 15.b4 Nf7
16.Qb3 Be6 17.Bc4 f5 18.exf5 gxf5 19.Rfe1 Bxc4 20.Qxc4 Qe6 21.Qh4 e4 22.Nd4 Qg6
23.Qg3 Ne5 24.Red1 Rad8 25.Nde2 Ne6 26.Rd6 Rxd6 27.cxd6 f4 28.Nxf4 Nxf4 29.Bxf4 Qxg3
30.fxg3 Nd3 31.Bd2 Bd4+ 32.Kh2 e3 33.Bxe3 Bxe3 34.b5 Bd4 35.Rd1 Bxc3 36.Rxd3 Ba5
37.bxc6 bxc6 38.Ra3 Bb6 39.Rc3 c5 40.a4 Rd8 41.a5 Bxa5 42.Rxc5 Bb6 43.Rd5 Kf7
44.h4 Ke6 45.Rh5 Rd7 46.Rh6+ Kd5 47.g4 a5 48.Rh5+ Kc6 49.Re5 a4 50.g5 a3
51.Re2 Ra7 52.Ra2 Kxd6 53.h5 Bd4 54.g6 hxg6  0-1

[Event "Gibraltar Masters"]
[Site "Catalan Bay ENG"]
[Date "2004.02.04"]
[Round "9"]
[White "Wells,P"]
[Black "Sandipan,C"]
[Result "1/2-1/2"]
[WhiteElo "2493"]
[BlackElo "2522"]

1.d4 d6 2.Nf3 Nf6 3.c4 g6 4.Nc3 Bg7 5.e4 O-O 6.Be2 e5 7.Be3 Ng4 8.Bg5 f6
9.Bh4 g5 10.Bg3 Nh6 11.dxe5 fxe5 12.h4 g4 13.Nh2 Be6 14.Nxg4 Nxg4 15.Bxg4 Bxc4
16.Nd5 Kh8 17.Ne3 Bg8 18.Nf5 Bf6 19.f3 Nc6 20.Bf2 a5 21.Bh3 Be6 22.Ne3 Bg8
23.Nf5 d5 24.g4 dxe4 25.fxe4 Bc4 26.Bf1 Qxd1+ 27.Rxd1 Bxa2 28.g5 Be7 29.Bb5 Bb4+
30.Ke2 Be6 31.Bxc6 bxc6 32.Rc1 Rab8 33.Rxc6 Bd6 34.Rc2 Bxf5 35.exf5 Rxf5
36.Ra1 e4 37.Be1 Rbb5 38.Ra4 Rf4 39.Rxa5 Rxa5 40.Bxa5 Rxh4 41.Rc4 c5 42.Bb6 Be7
43.Bxc5 Bxg5 44.Bf2  1/2-1/2

[Event "TCh-SWE 2003-4"]
[Site "Malmo SWE"]
[Date "2004.02.07"]
[Round "7"]
[White "Svenn,G"]
[Black "Pedersen,Stef"]
[Result "1/2-1/2"]
[WhiteElo "2360"]
[BlackElo "2417"]

1.d4 Nf6 2.c4 g6 3.Nc3 Bg7 4.e4 d6 5.Nf3 O-O 6.Be2 e5 7.O-O Na6 8.d5 Nc5
9.Qc2 a5 10.Bg5 h6 11.Be3 Qe8 12.Nd2 Ng4 13.Bxg4 Bxg4 14.b3 Bd7 15.a3 f5
16.f3 Na6 17.Rab1 Rf7 18.b4 axb4 19.axb4 Bf8 20.b5 Nc5 21.b6 cxb6 22.Rxb6 Qc8
23.Nb5 Ra6 24.Rxa6 bxa6 25.Nc3 f4 26.Bf2 g5 27.Rb1 g4 28.fxg4 Bxg4 29.Na4 Nxa4
30.Qxa4 f3 31.Nxf3 Bxf3 32.gxf3 Rxf3 33.Qc2 Kh7 34.Kh1 Qh3 35.Rg1 Rc3 36.Qe2 Qf3+
37.Qxf3 Rxf3 38.Bb6 Rc3 39.c5 dxc5 40.Bc7 Rd3 41.Bxe5 a5 42.Bf6 c4 43.Rc1 Bg7
44.Bxg7 Kxg7 45.Rxc4 Kf6 46.Ra4 Ke5 47.Kg2 h5 48.h4 Rd2+ 49.Kf3 Rh2 50.Kg3 Rd2
51.Rxa5 Rd3+ 52.Kf2 Kxe4 53.d6 Rd2+ 54.Kg3  1/2-1/2

[Event "AS04 Centenary"]
[Site "Copenhagen DEN"]
[Date "2004.02.10"]
[Round "4"]
[White "Olsen,H"]
[Black "Mortensen,E"]
[Result "1/2-1/2"]
[WhiteElo "2255"]
[BlackElo "2450"]

1.d4 Nf6 2.c4 d6 3.Nc3 Nbd7 4.Nf3 e5 5.e4 g6 6.Be2 Bg7 7.O-O O-O 8.Be3 Ng4
9.Bg5 f6 10.Bd2 Nh6 11.Qc2 c6 12.Rad1 Qe7 13.b4 f5 14.c5 dxc5 15.Bg5 Qe8
16.dxc5 Kh8 17.exf5 gxf5 18.Rfe1 e4 19.Nd4 Ne5 20.f4 Ng6 21.Bh5 Nf7 22.Bxg6 hxg6
23.Bh4 Nh6 24.Nf3 Be6 25.Ne5 Kh7 26.Ne2 Nf7 27.Nc4 b5 28.cxb6 axb6 29.Nxb6 Rxa2
30.Qc5 Rg8 31.Nd4 Bxd4+ 32.Qxd4 g5 33.Bxg5 Nxg5 34.fxg5 Rxg5 35.Rd2 Rxd2
36.Qxd2 Qg6 37.Nd7 Bxd7 38.Qxd7+ Kh6 39.Qd2  1/2-1/2

[Event "X Open"]
[Site "Coria del Rio ESP"]
[Date "2004.02.14"]
[Round "4"]
[White "Pereira Figueroa,M"]
[Black "Barria,D"]
[Result "0-1"]
[WhiteElo "2094"]
[BlackElo "2351"]

1.d4 Nf6 2.c4 g6 3.Nc3 Bg7 4.e4 d6 5.Be2 O-O 6.Nf3 e5 7.d5 a5 8.Bg5 h6 9.Bh4 Na6
10.O-O Qe8 11.Nd2 Bd7 12.b3 Nh7 13.a3 h5 14.f3 Bh6 15.Qc2 Qb8 16.Nd1 c6 17.Nc3 f5
18.exf5 gxf5 19.Rab1 Nf6 20.b4 axb4 21.axb4 cxd5 22.Bxf6 Rxf6 23.Nxd5 Rf7
24.Nb6 Be3+  0-1

[Event "TCh-FIN 2003-4"]
[Site "Finland FIN"]
[Date "2004.02.14"]
[Round "7"]
[White "Salo,H"]
[Black "Lampen,T"]
[Result "0-1"]
[WhiteElo "2310"]
[BlackElo "2328"]

1.d4 Nf6 2.c4 g6 3.Nc3 Bg7 4.e4 O-O 5.Nf3 d6 6.Be2 e5 7.O-O Na6 8.Be3 Ng4
9.Bg5 Qe8 10.h3 f6 11.Bc1 Nh6 12.dxe5 dxe5 13.Be3 c6 14.b4 Qe7 15.c5 Nf7
16.Qa4 Nc7 17.Rfd1 f5 18.Rac1 f4 19.Bd2 Ne6 20.Be1 Nd4 21.b5 cxb5 22.Qa5 Ng5
23.Rd3 Ngxf3+ 24.Bxf3 Qxc5 25.Rb1 b6 26.Qb4 Qxb4 27.Rxb4 Be6 28.Nd5 Rad8
29.Bc3 a5 30.Rb2 Nxf3+ 31.gxf3 b4 32.Be1 Bxd5 33.Rxd5 Rxd5 34.exd5 Rd8 35.Rd2 Bf8
36.Kf1 Bc5 37.Ke2 Bd4 38.Rc2 Rxd5 39.Rc7 Bc5 40.Bd2 a4 41.Ra7 b3 42.axb3 axb3
43.Ra1 b2 44.Rb1 Bd4 45.Be1 Rb5 46.Bd2 Rb3 47.h4 Ra3  0-1

[Event "TCh-BEL 2003-4"]
[Site "Belgium BEL"]
[Date "2004.02.15"]
[Round "9"]
[White "Van der Stricht,G"]
[Black "Bauduin,E"]
[Result "1-0"]
[WhiteElo "2447"]
[BlackElo "2245"]

1.d4 Nf6 2.c4 g6 3.Nc3 Bg7 4.e4 d6 5.Nf3 O-O 6.Be2 e5 7.O-O Na6 8.Re1 c6
9.Bf1 exd4 10.Nxd4 Ng4 11.h3 Qb6 12.hxg4 Qxd4 13.Qe2 Qe5 14.Be3 Nc5 15.f4 Qe7
16.Bxc5 dxc5 17.e5 f5 18.gxf5 Rxf5 19.g3 g5 20.Bh3 gxf4 21.Bxf5 Bxf5 22.Rad1 Qg5
23.Ne4 Bxe4 24.Qxe4 Rf8 25.Rd3 fxg3 26.Qe3 Rf4 27.Rf1 Rxf1+ 28.Kxf1 g2+ 29.Kg1 Qxe3+
30.Rxe3 Kf7 31.e6+ Ke7 32.Re2 b5 33.b3 Bf6 34.Kxg2 h5 35.Kf3 h4 36.Kg4 a5
37.Kf5 Bc3 38.Rg2  1-0